000 00687cam a22002051 4500
001 000018842
005 20200929165850.0
008 780830s1969 fr 000 0 fre
040 _aDO-SdBNP
_cABAU
_dOCoLC
_dDLC
_dBNPHU
082 _a840
_bC488g
100 1 _aChassang, Arsene.
_939544
245 1 4 _aLes Grandes dates de la litterature francaise, /
_cArsene Chassang ,Charles Senninger.
260 _aParis :
_bPresses universitaires de France,
_c1969.
300 _a128 p. ;
_c18 cm.
490 0 _aQue sais-je?
_vNo. 1346
650 0 _aLiteratura francesa
_xPlanes de estudio
_940600
700 1 _aSenninger, Charles,
_939545
910 _aCatalogación derivada / LC
049 _aBNGR
999 _c18362
_d18362